| 000 | 00385cas a2200145 a 4500 | ||
|---|---|---|---|
| 040 | _cDLC | ||
| 082 | _a507 IRR 2001 A061 Or. | ||
| 245 | 0 | 0 | _aRice literature update / |
| 260 |
_aManila, Philippines : _bIRRI Library and Documentation Center |
||
| 300 |
_aCD-ROMs ; _c4 3/4 in. |
||
| 650 | 0 | _aRice | |
| 650 | 7 | _aRice. | |
| 710 | 2 | _aInternational Rice Research Institute. | |
| 942 | _cFB | ||
| 999 |
_c14801 _d14801 |
||